Principles of Mercantile law (Record no. 964)

MARC details
000 -LEADER
fixed length control field 00372nam a22001577a 4500
005 - DATE AND TIME OF LATEST TRANSACTION
control field 20180417105808.0
008 - FIXED-LENGTH DATA ELEMENTS--GENERAL INFORMATION
fixed length control field 160517b xxu||||| |||| 00| 0 eng d
041 ## - LANGUAGE CODE
Language code of text/sound track or separate title eng
082 ## - DEWEY DECIMAL CLASSIFICATION NUMBER
Item number 2643
Classification number 346.07
100 ## - MAIN ENTRY--AUTHOR NAME
Personal name Bangia R.K.
245 ## - TITLE STATEMENT
Title Principles of Mercantile law
260 ## - PUBLICATION, DISTRIBUTION, ETC. (IMPRINT)
Name of publisher Aushbad Law Agency
Year of publication 2003
300 ## - PHYSICAL DESCRIPTION
Number of Pages 747
650 ## - SUBJECT ADDED ENTRY--TOPICAL TERM
Topical Term Management
942 ## - ADDED ENTRY ELEMENTS (KOHA)
Koha item type Books
Holdings
Lost status Damaged status Collection code Home library Current library Shelving location Date acquired Cost, normal purchase price Full call number Accession Number Koha item type
    LAW JRU Library JRU Library SHELF-31-B 17/05/2016 225.00 346.07 2643 Books
    LAW JRU Library JRU Library SHELF-31-B 17/05/2016 225.00 346.07 2644 Books
    LAW JRU Library JRU Library SHELF-31-B 17/05/2016 225.00 346.07 2645 Books
    LAW JRU Library JRU Library SHELF-31-B 17/05/2016 225.00 346.07 2646 Books
    LAW JRU Library JRU Library SHELF-31-B 17/05/2016 225.00 346.07 2647 Books
    LAW JRU Library JRU Library SHELF-31-B 17/05/2016 225.00 346.07 2648 Books
    LAW JRU Library JRU Library SHELF-31-B 17/05/2016 225.00 346.07 2649 Books